| 000 -ლიდერი |
| ფიქსირებული სიგრძის საკონტროლო ველი |
01717nam a22002177a 4500 |
| 003 - საკონტროლო ნომრის იდენტიფიკატორი |
| საკონტროლო ველი |
Ge_BSU |
| 005 - ბოლო ოპერაციის თარიღი და დრო |
| საკონტროლო ველი |
20230222114554.0 |
| 008 - ფიქსირებული სიგრძის მონაცემთა ელემენტები - ზოგადი ინფორმაცია |
| ფიქსირებული სიგრძის საკონტროლო ველი |
230215s2009 ge ||||| |||| 00| 0 geo d |
| 041 ## - ენის კოდი |
| Language code of text/sound track or separate title |
geo |
| 080 ## - უნივერსალური ათობითი კლასიფიკაციის ინდექსი |
| Universal Decimal Classification number |
331.107.3 მ 86 |
| 100 ## - მთავარი ჩანაწერი - პიროვნების სახელი |
| Personal name |
მოსახლიშვილი ლევან |
| 9 (RLIN) |
16912 |
| 245 ## - ცნობა სათაურის შესახებ |
| Title |
სამოქალაქო მონიტორინგი მოქალაქეთა მონაწილეობით : |
| Remainder of title |
გზამკვლევი სამოქალაქო საზოგადოების ორგანიზაციებისათვის / |
| Statement of responsibility, etc |
ავტორები : ლევან მოსახლიშვილი, გიორგი გაბრიელაშვილი და სხვ.; საზოგადოებრივი განვითარების ინსტიტუტი. სამოქალაქოგანათლების ახალგაზრდული ცენტრი. |
| 264 ## - წარმოების, გამოცემის, დისტრიბუციის და სხვა ცნობები |
| გამოცემის, წარმოების, დისტრიბუციის... ადგილი |
თბილისი, |
| გამოცემის, წარმოების, დისტრიბუციის... თარიღი |
2009. |
| 300 ## - ფიზიკური აღწერა |
| Extent |
139 გვ. ; |
| Other physical details |
21 სმ. |
| 653 ## - INDEX TERM--UNCONTROLLED |
| Uncontrolled term |
მონიტორინგი |
| 653 ## - INDEX TERM--UNCONTROLLED |
| Uncontrolled term |
არასამთავრობო ორგანიზაციები |
| 700 ## - ADDED ENTRY--PERSONAL NAME |
| Personal name |
მოსახლიშვილი, ლევან |
| Relator term |
ავტორი |
| 9 (RLIN) |
16912 |
| 700 ## - ADDED ENTRY--PERSONAL NAME |
| Personal name |
გაბრიელაშვილი, გიორგი და სხვ.; |
| Relator term |
ავტორი |
| 9 (RLIN) |
16913 |
| 710 ## - ADDED ENTRY--CORPORATE NAME |
| Corporate name or jurisdiction name as entry element |
საზოგადოებრივი განვითარების ინსტიტუტი. |
| Subordinate unit |
სამოქალაქოგანათლების ახალგაზრდული ცენტრი. |
| 9 (RLIN) |
16914 |
| 942 ## - ADDED ENTRY ELEMENTS (KOHA) |
| Source of classification or shelving scheme |
|
| Koha item type |
წიგნი |